| 000 | 00721nam a2200229 a 4500 | ||
|---|---|---|---|
| 005 | 20240924065436.0 | ||
| 008 | 991125s1971 cam 000 0 eng u | ||
| 020 | _a674082109 | ||
| 035 | _aUPN01000006067 | ||
| 049 | _aCG | ||
| 050 | 4 |
_aLA637.7 _bH3.2 |
|
| 100 | 1 | _aHalsey, A. H. | |
| 245 | 1 | 4 |
_aThe british academics / _cA. H. Halsey and M. A. Trow with the assistance of Oliver Fulton. |
| 260 |
_aCambridge, E.U.A. : _bHarvard University, _c1971. |
||
| 300 | _a560 p. | ||
| 500 | _aIncluye apéndices | ||
| 650 | 4 |
_aMAESTROS UNIVERSITARIOS - _zGRAN BRETAÑA _925631 |
|
| 650 | 4 |
_aEducación superior _zGran Bretaña _916564 |
|
| 700 | 1 |
_aTrow, M. A., _ecoaut. |
|
| 700 | 1 |
_aFulton, Oliver, _ecolab. |
|
| 905 | _aLibro | ||
| 999 |
_c6067 _d6067 |
||